• 首页
  • 本馆介绍
  • 公告通知
  • 最新文献
  • 馆藏检索
  • 电子资源
  • 读者导购
  • 参考咨询
  • 我的图书馆
  • 登录
  • 详细信息显示
  • 放入我的书架
  • 预约/预借图书
  • 作者相关作品
  • 分类相关作品
  • 丛书相关作品
  • 出版社相关作品

书目信息

  • 表格格式
  • 工作单格式
  • 卡片格式
题名:
健美之路
    
 
作者: 娄琢玉 编著
分册:  
出版信息: 广州   广东人民出版社  1983
页数: 188页
开本: 19cm
丛书名: 风采丛书
单 册:
中图分类: G806-05 , G80-05
科图分类:
主题词: 健身运动
电子资源:
ISBN:
000 00686nam2 2200265 45
001 0183006763
005 20061107145020.31
010    @dCNY0.64
091    @a7111.1268
100    @a19950425d1983 em y0chiy0121 ea
101 0  @achi
102    @aCN@b440000
105    @afc z 000yy
200 10 @a健美之路@Ajian mei zhi lu@f娄琢玉编著@Flou zhuo yu bian zhu
210    @a广州@c广东人民出版社@d1983
215    @a188页@c图及照片@d19cm
225 2  @a风采丛书
410  0 @120010@a风采丛书
606    @a健身运动
690    @aG806-05@v4
690    @aG80-05@v3
701  0 @a娄琢玉@Alou zhuo yu@4编著
801  2 @aCN@bNLC@c20061107
801  0 @aCN@bTSSF
905    @a10447@dG80-05@e65
    
    健美之路/娄琢玉编著.-广州:广东人民出版社,1983
    188页:图及照片;19cm.-(风采丛书)
    
    
    ISBN :CNY0.64
    
●
相关链接 在E读中查询图书 在五车中查询图书 在当当中查询图书 在豆瓣中查询图书


正题名:健美之路     索取号:G80-05/65         预约/预借

序号 登录号 条形码 馆藏地/架位号 状态 备注
1 0209874   202263576   密集书库/ [索取号:G80-05/65] 在馆    
2 0209876   000297100   第一样本阅览室/ [索取号:G80-05/65] 在馆    
唐山师范学院图书馆 欢迎您!
大连网信软件有限公司© 版权所有